00571nam a2200193 a 45000050016000000080041000160100017000570200026000740350017001000370021001170400018001380820006001561000018001622450042001802600047002222700042002693000022003114900044003332009121201561.0060711r20081994mnua j 000 1 eng  aB-385123-131 a9780007255658c150.00 aB-385123-131 bBlueberry Books  adplbEnglish  aN aShan, Darren  aCirque du freak /cby Darren Shan b  bHarperCollins Publishers c2007aNew York  a10 East 53rd Street bNew York e1022 a183p. c20cm(pbk) athe saga of Darren Shan; book 1vbook 1